00464 2200169 4500001002100000008004100021035002000062245005300082100002000135260004200155300002100197020002200218084001400240082000800254650002100262990001100283INLIS000000000001206 Ind  a0010-0226001206 aPanduan pendidikan anti korupsi!cYugha Erlangga aErlangga, Yugha aJakarta :bEsensi Erlangga Grupc2014 a102 hlm.c21 cm. a978-602-7596-61-0 a300 YUG p a300 aIlmu-ilmu Sosial aP/3787